LEADER 02111nam0 22004573i 450 001 VAN00193281 005 20240806101137.176 017 70$2N$a9784431556367 100 $a20210729d2017 |0itac50 ba 101 $aeng 102 $aJP 105 $a|||| ||||| 200 1 $aShock-Cloud Interaction in RX J1713.7?3946$eEvidence for Cosmic-Ray Acceleration in the Young VHE ?-ray Supernova Remnant$eDoctoral Thesis accepted by Nagoya University, Nagoya, Japan$fHidetoshi Sano 210 $aTokyo$cSpringer$d2017 215 $axiii, 134 p.$cill.$d24 cm 410 1$1001VAN00104193$12001 $aSpringer theses$erecognizing outstanding Ph.D. research$1210 $aBerlin$cSpringer$d2010- 500 1$3VAN00193282$aShock-Cloud Interaction in RX J1713.7?3946$91835280 606 $a00A79 (77-XX)$xPhysics [MSC 2020]$3VANC023182$2MF 606 $a81V35$xNuclear physics [MSC 2020]$3VANC023270$2MF 606 $a85-XX$xAstronomy and Astrophysics [MSC 2020]$3VANC023246$2MF 610 $aCosmic-ray accelerator$9KW:K 610 $aCosmic-ray proton acceleration$9KW:K 610 $aGamma-ray and X-ray astronomy$9KW:K 610 $aInterstellar Medium$9KW:K 610 $aInterstellar gas shock waves$9KW:K 610 $aRadio astronomy NANTEN2$9KW:K 610 $aSNR$9KW:K 610 $aShock-cloud interaction$9KW:K 610 $aVHE$9KW:K 610 $aVery high energy gamma-rays$9KW:K 620 $dTokyo$3VANL000048 700 1$aSano$bHidetoshi$3VANV171035$0825093 712 $aSpringer $3VANV108073$4650 801 $aIT$bSOL$c20241115$gRICA 856 4 $uhttp://doi.org/10.1007/978-4-431-55636-7$zE-book ? Accesso al full-text attraverso riconoscimento IP di Ateneo, proxy e/o Shibboleth 899 $aBIBLIOTECA DEL DIPARTIMENTO DI MATEMATICA E FISICA$1IT-CE0120$2VAN08 912 $fN 912 $aVAN00193281 950 $aBIBLIOTECA DEL DIPARTIMENTO DI MATEMATICA E FISICA$d08DLOAD e-book 3374 $e08eMF3374 20210729 996 $aShock-Cloud Interaction in RX J1713.7?3946$91835280 997 $aUNICAMPANIA LEADER 01568nam0 22003613i 450 001 VAN00241068 005 20250108112609.46 017 70$2N$a9783030635756 100 $a20220222d2021 |0itac50 ba 101 $aeng 102 $aCH 105 $a|||| ||||| 181 $ai$b e 182 $ab 200 1 $aStrategies and Tools for Pollutant Mitigation$eAvenues to a Cleaner Environment$feditors J. Aravind ... [et al.] 210 $aCham$cSpringer$d2021 215 $aVII, 450 p.$cill.$d24 cm 620 $aCH$dCham$3VANL001889 676 $a577.14$cChimica ambientale$v22 676 $a668.4192$cTecnologia dei rifiuti$v22 676 $a630$cAgricoltura e tecnologie connesse$v22 676 $a363.73$cInquinamento generale$v22 702 1$aAravind$bJeyaseelan$3VANV197328 712 $aSpringer $3VANV108073$4650 790 1$aAravind, J.$zAravind, Jeyaseelan$3VANV216685 801 $aIT$bSOL$c20250110$gRICA 856 4 $uhttps://link.springer.com/book/10.1007/978-3-030-63575-6$zE-book - Accesso al full-text attraverso riconoscimento IP di Ateneo, proxy e/o Shibboleth 899 $aBIBLIOTECA DEL DIPARTIMENTO DI SCIENZE E TECNOLOGIE AMBIENTALI BIOLOGICHE E FARMACEUTICHE$1IT-CE0101$2VAN17 912 $fN 912 $aVAN00241068 950 $aBIBLIOTECA DEL DIPARTIMENTO DI SCIENZE E TECNOLOGIE AMBIENTALI BIOLOGICHE E FARMACEUTICHE$d17CONS e-book 2224 $e17BIB2224/267 267 20220222 996 $aStrategies and tools for pollutant mitigation$91891079 997 $aUNICAMPANIA